LEADER 03372nam 2200649 a 450 001 9910785466903321 005 20230721013704.0 010 $a3-8366-0747-6 035 $a(CKB)2670000000061315 035 $a(EBL)616704 035 $a(OCoLC)694343132 035 $a(SSID)ssj0000654848 035 $a(PQKBManifestationID)12238079 035 $a(PQKBTitleCode)TC0000654848 035 $a(PQKBWorkID)10674108 035 $a(PQKB)11505070 035 $a(SSID)ssj0000788370 035 $a(PQKBManifestationID)11491976 035 $a(PQKBTitleCode)TC0000788370 035 $a(PQKBWorkID)10822933 035 $a(PQKB)20924974 035 $a(MiAaPQ)EBC616704 035 $a(WaSeSS)Innodata00047542 035 $a(Au-PeEL)EBL616704 035 $a(CaPaEBR)ebr10482940 035 $a(EXLCZ)992670000000061315 100 $a20110729d2008 uy 0 101 0 $ager 135 $aur|n|---||||| 181 $ctxt 182 $cc 183 $acr 200 10$aChancen und Probleme der Fru?herkennung, Behandlung und Ru?ckfallprophylaxe von Menschen mit Schizophrenie unter Beru?cksichtigung aktueller Forschung$b[electronic resource] $eSchlussfolgerungen fu?r die sozialpa?dagogische Arbeit /$fJulia Tesch 210 $aHamburg $cDruck Diplomica$d2008 215 $a1 online resource (74 p.) 225 1 $aDiplomarbeit 300 $aDescription based upon print version of record. 311 $a3-8366-5747-3 320 $aIncludes bibliographical references. 327 $aChancen und Probleme der Fru?herkennung, Behandlung und Ru?ckfallprophylaxe von Menschen mit Schizophrenie unter Beru?cksichtigung aktueller Forschung; Inhalt; 1. Einleitung; 2. Allgemeines zur Schizophrenie; 3. Chancen und Probleme der Fru?herkennung und Fru?hintervention von Menschen mit Schizophrenie; 4. Chancen und Probleme der Behandlung und Rehabilitation von Menschen mit Schizophrenie; 5. Chancen und Probleme der Ru?ckfallprophylaxe von Menschen mit Schizophrenie; 6. Schlussfolgerungen fu?r die sozialpa?dagogische Arbeit; 7. Zusammenfassung und Ausblick; 8. Literaturverzeichnis 330 $aHauptbeschreibungIn den letzten Jahren kam der Fru?herkennung und Fru?hintervention der Schizophrenie eine zentrale Bedeutung zu. Die Aufgaben der Fru?herkennung und Fru?hbehandlung sind ein Fortschreiten der Erkrankung zu verlangsamen oder im Optimalfall ga?nzlich zu verhindern und die fru?hen sozialen Folgen zu vermindern. Je fru?her eine geeignete Behandlung einsetzt, umso gu?nstiger wirkt sie sich auf den weiteren Verlauf und die Lebensqualita?t der Betroffenen aus. Prinzipiell ist es no?tig, dass die individuelle Therapieplanung auf eine Vielzahl von Modulen zuru?ckgreifen kann. Das h 410 0$aDiplomarbeit. 606 $aSchizophrenia 606 $aSchizophrenia$xDiagnosis 606 $aSchizophrenia$xTreatment 615 0$aSchizophrenia. 615 0$aSchizophrenia$xDiagnosis. 615 0$aSchizophrenia$xTreatment. 676 $a616.8/982/07 700 $aTesch$b Julia$01471676 801 0$bMiAaPQ 801 1$bMiAaPQ 801 2$bMiAaPQ 906 $aBOOK 912 $a9910785466903321 996 $aChancen und Probleme der Fru?herkennung, Behandlung und Ru?ckfallprophylaxe von Menschen mit Schizophrenie unter Beru?cksichtigung aktueller Forschung$93684082 997 $aUNINA LEADER 02129nam 2200565 450 001 9910812833903321 005 20230807214018.0 010 $a1-941411-05-3 035 $a(CKB)3710000000375038 035 $a(EBL)1985545 035 $a(OCoLC)903965539 035 $a(SSID)ssj0001423754 035 $a(PQKBManifestationID)12619990 035 $a(PQKBTitleCode)TC0001423754 035 $a(PQKBWorkID)11441000 035 $a(PQKB)10679904 035 $a(MiAaPQ)EBC1985545 035 $a(EXLCZ)993710000000375038 100 $a20150204h20152015 uy 0 101 0 $aeng 135 $aur|n|---||||| 181 $ctxt 182 $cc 183 $acr 200 10$aThree kinds of motion $eKerouac, Pollock, and the making of American highways /$fRiley Hanick ; cover designed by Jonathan Graf ; interior layout by Kirkby Gann Tittle 205 $aFirst edition. 210 1$aLouisville, Kentucky :$cSarabande Books,$d2015. 210 4$dİ2015 215 $a1 online resource (273 p.) 300 $aDescription based upon print version of record. 311 $a1-936747-90-1 320 $aIncludes bibliographical references. 327 $a""Three Kinds of Motion""; ""BIBLIOGRAPHY""; ""ACKNOWLEDGMENTS""; ""The Author"" 330 $a